| 000 | 03524nam a22003137i 4500 | ||
|---|---|---|---|
| 001 | TCPA 8 | ||
| 003 | gtcocun | ||
| 005 | 20250913005838.0 | ||
| 006 | a||||gr|||| 00| 0 | ||
| 008 | 250913b2014 gt ||||| m||| 00| 0 eng d | ||
| 040 |
_agtcocun _bSPA _cgtcocun _eRDA |
||
| 041 | _aSPA | ||
| 084 | _0TCPA 8 | ||
| 100 |
_aBarrios Figueroa, José Alfonso _eAutor |
||
| 245 |
_aInforme final del Ejercicio Profesional Supervisado, realizado en la Municipalidad de Cobán, Alta Verapaz/ _cJosé Alfonso Barrios Figueroa _hImpreso |
||
| 264 |
_aCobán, Alta Verapaz: _bUniversidad de San Carlos de Guatemala, Centro Universitario del Norte, Licenciatura en Contaduría Pública y Auditoría. _c2014 |
||
| 300 |
_a63 p.: _bIlustraciones, gráficas. _c28 cm; PDF |
||
| 336 |
_2rdacontenido _aTexto _btxt |
||
| 337 |
_2rdamedio _aComputadora _bn |
||
| 338 |
_2rdasoporte _aCódigo en línea _bcr |
||
| 502 | _e. | ||
| 502 |
_aTesis de grado _bLicenciatura en Contaduría Pública y Auditoría. _cUniversidad de San Carlos de Guatemala, Centro Universitario del Norte, Licenciatura en Contaduría Pública y Auditoría. _d2014 _oTCPA 8 |
||
| 520 | _aLa Universidad de San Carlos de Guatemala, a través del Centro Universitario del Norte y la carrera de Contaduría Pública y Auditoría tiene como objetivo brindar a los futuros profesionales el conocimiento sobre la problemática socioeconómica que actualmente atraviesa el país. El presente informe contiene los resultados del Ejercicio Profesional Supervisado realizado, durante el año 2012, en la Municipalidad de Cobán, Alta Verapaz. El proceso se inició con un diagnóstico que permitió evaluar el control interno de la institución. El diagnostico dio a conocer los problemas existentes en el Departamento Administrativo Financiero relacionado con: la gestión inadecuada de los inventarios municipales, sanciones económicas por parte de la Contraloría General de Cuentas en proyectos de red vial y la falta de control interno en el área de caja. Al realizar el plan de trabajo se diseño un cronograma de actividades en el cual se establecieron los pasos a realizar durante los meses de Junio, Julio y Agosto, durante ese lapso se ejecutaron los casos detallados en este informe. Por lo tanto fue necesario implementar en el primer problema el procedimiento de alzas, traslados entre dependencias y bajas, ya que por este medio se puede actualizar el libro de inventario municipal. En el segundo problema se desarrollo el procedimiento de auditoría interna en proyectos municipales de red vial, dando solución a las posibles sanciones por medio de auditorías constantes utilizando el proceso adecuado para su realización. Y en la tercera se elaboró el procedimiento de control interno en arqueos de caja para contrarrestar las deficiencias encontradas en el Departamento Administrativo Financiero de la Municipalidad de Cobán Alta Verapaz, evaluando por medio de arqueos espontáneos los ingresos monetarios de las formas 7-B y 31-B. De esa manera se contribuyó al fortalecimiento de procesos y control interno de la Municipalidad de Cobán del Departamento de Alta Verapaz. | ||
| 650 | 1 | 4 |
_2LEMB _aCobán, Alta Verapaz _xinventario _xauditoría _xcontrol interno |
| 700 |
_aLic. Obdulio Ottoniel León Pacay _eAsesor |
||
| 856 |
_uhttps://drive.google.com/file/d/1uFIooSfsT5zd-Qqc6zai0OpDchmTnoKN/view?usp=sharing _yPDF _zUn ejemplar en línea. |
||
| 942 |
_2ddc _cTES _iTCPA_8 _kClasificación _n0 _6TCPA__8 |
||
| 999 |
_c1841 _d1841 |
||